000 00956nam a2200325Ia 4500
003 OSt
005 20221007111917.0
006 a|||||r|||| 00| 0
007 ta
008 221006b |||||||| |||| 00| 0 eng d
020 _a9788180386152
024 _a24,527
037 _cTextual
040 _aLCO
_cLCO
_beng
041 _2eng
_aeng
082 _aZ2,7,16, Q0
100 _aBachawat R.S.
_9708608
245 0 _aLaw of Arbitration and Conciliation.2V
250 _a5th
260 _aHaryana
_bLexis Nexis Butterworths Wadhwa Nagpur India
_c2010
300 _a3762
490 _vI
500 _aIncluding International Commercial Arbitration & ADR
650 _a CONCILIATION
_9702646
650 _aARBITRATION
_9681512
700 _a Datar Arvind P.
_9708609
700 _a Wadhwa Anirudh Ed.
942 _hZ2,7,16, Q0
_cTEXL
999 _c1194090
_d1194090